Test Cricket - Each Nation's Best - Statistics

General Stats
  • This quiz has been taken 106 times
    23 since last reset
  • The average score is 26 of 48
Answer Stats
Nation Batsman % Correct
Afghanistan Non -Recorded
100%
Ireland Non -Recorded
100%
India Sachin Tendulkar
89%
Pakistan Imran Khan
84%
Afghanistan Rashid Khan
84%
Australia Shane Warne
84%
Australia Shane Warne
84%
Pakistan Younis Khan
79%
South Africa Jacques Kallis
74%
South Africa Jacques Kallis
74%
England Joe Root
74%
Australia Adam Gilchrist
68%
West Indies Brian Lara
68%
England James Anderson
68%
Sri Lanka Kumar Sangakkara
68%
Australia Ricky Ponting
68%
Zimbabwe Andy Flower
63%
Zimbabwe Andy Flower
63%
West Indies Courtney Walsh
63%
South Africa Dale Steyn
63%
India Anil Kumble
58%
New Zealand Kane Williamson
58%
Pakistan Wasim Akram
58%
India Kapil Dev
53%
India Mahendra Dhoni
53%
New Zealand Richard Hadlee
53%
New Zealand Richard Hadlee
53%
Bangladesh Shakib Al Hasan
53%
Bangladesh Shakib Al Hasan
53%
West Indies Garry Sobers
47%
England Alan Knott
42%
England Ian Botham
42%
West Indies Jeffrey Dujon
42%
South Africa Mark Boucher
42%
Bangladesh Mushfiqur Rahim
42%
Bangladesh Mushfiqur Rahim
42%
Afghanistan Rahmat Shah
42%
Zimbabwe Heath Streak
37%
Zimbabwe Heath Streak
37%
New Zealand Bradley Watling
32%
Sri Lanka Muthiah Muralidaran
32%
Pakistan Wasim Bari
26%
Sri Lanka Chaminda Vaas
21%
Ireland Lorcan Tucker
16%
Ireland Lorcan Tucker
16%
Ireland Mark Adair
16%
Afghanistan Afsar Zazai
11%
Sri Lanka Niroshan Dickwella
5%
No matching quizzes found
Score Distribution
Percent of People with Each Score
Percentile by Number Answered
Your Score History
You have not taken this quiz since the last reset